|
|
|
|
| LEADER |
01200nam a2200253 a 4500 |
| 001 |
3784858 |
| 008 |
091108s1983 bg b 000 0 eng d |
| 010 |
|
|
|a \\\83907560
|
| 040 |
|
|
|a DLC
|c DLC
|d DLC
|
| 082 |
0 |
0 |
|a 307.1/4/0954924
|2 19
|
| 100 |
1 |
|
|a Ray, Jayanta Kumar.
|
| 245 |
1 |
0 |
|a Organising villagers for self-reliance :
|b a study of Deedar in Bangladesh /
|c Jayanta Kumar Ray.
|
| 260 |
|
|
|a Comilla, Bangladesh :
|b Bangladesh Academy for Rural Development,
|c 1983.
|
| 300 |
|
|
|a vii, 124 p. ;
|c 23 cm.
|
| 504 |
|
|
|a Includes bibliographical references.
|
| 541 |
1 |
|
|e 00002688
|
| 650 |
|
0 |
|a Rural development
|z Bangladesh
|x Balarampur.
|
| 650 |
|
0 |
|a Rural development
|z Bangladesh
|x Kashinathpur.
|
| 610 |
2 |
0 |
|a Deedar Cooperative Society.
|
| 710 |
2 |
|
|a Bangladesh Academy for Rural Development.
|
| 852 |
4 |
|
|a Ayesha Abed Library
|j General shelf
|
| 999 |
|
|
|c 5188
|d 5188
|
| 952 |
|
|
|0 0
|1 0
|2 ddc
|4 0
|6 307_140954924000000_RAY_1983
|7 0
|9 5040
|a BRACUL
|b BRACUL
|c GEN
|d 2009-11-08
|g 45.00
|l 0
|o 307.140954924 RAY
|p 3010002688
|r 2009-11-08
|t 1
|w 2009-11-08
|y BK
|
| 952 |
|
|
|0 0
|1 0
|2 ddc
|4 0
|6 307_140954924000000_RAY
|7 0
|9 22747
|a BRACUL
|b BRACUL
|c GEN
|d 2013-06-18
|g 73.00
|l 1
|o 307.140954924 RAY
|p 3010003773
|r 2014-04-30
|s 2014-04-15
|t 2
|w 2013-06-18
|y BK
|